01011nam a2200241 a 4500001000900000005001700009008004100026020001500067040001800082050002100100245017500121260003200296260004500328300004200373500010100415500003400516504003200550610007100582650004700653700001900700700002300719700002700742BRCA_52820190320203040.0970123s1997 nyua---##b---#001-0#eng-# a0810933993 aDLCcDLCdDLC 4aN1150b.A58 199710aA grand designbthe art of the Victoria and Albert MuseumcMalcolm Baker and Brenda Richardson, general editors ; with research and essays by Anthony Burton ... [et al.]. aNueva YorkbHarry N. Abrams aBaltimorebBaltimore Museum of Artc1997 a431 p.bil. (algunas a color)c31 cm. aCatálogo de la exposición realizada en el Baltimore Museum of Art, octubre 1997 - enero 2000 aIncluye índice alfabético aBibliografía : p. 401-41124aVictoria and Albert Museum (Inglaterra)vExposicionesxColecciones14aArtes decorativasxColeccioneszInglaterra1 aBaker, Malcolm1 aRichardson, Brenda1 aBurton, Anthonyd1942-